[Event "OEISM 0818 BLMM"]
[Site "austriablmm"]
[Date "2020.12.12"]
[Round "1"]
[White "Derenick2010"]
[Black "Martinovicdavid"]
[Result "0-1"]
[WhiteElo "1638"]
[BlackElo "1625"]
[Annotator "NA RC"]
[PlyCount "124"]
[EventDate "2020.12.12"]
[EventType "blitz"]

1. e4 {[%emt 0:00:08]} e5 {[%emt 0:00:04]} 2. Nf3 {[%emt 0:00:02]} Nc6 {[%emt 0:00:02]} 3. Bc4 {[%emt 0:00:03]} Bc5 {[%emt 0:00:02]} 4. O-O {[%emt 0:00:02]} Nf6 {[%emt 0:00:03]} 5. Nc3 {[%emt 0:00:03]} O-O {[%emt 0:00:03]} 6. d3 {[%emt 0:00:02]} h6 {[%emt 0:00:02]} 7. h3 {[%emt 0:00:02]} d6 {[%emt 0:00:02] Derenick2010 reconnected.} 8. Bd2 {[%emt 0:00:37]} Be6 {[%emt 0:00:05]} 9. Qc1 {[%emt 0:00:07]} Bxc4 {[%emt 0:00:12]} 10. dxc4 {[%emt 0:00:03]} Nd4 {[%emt 0:00:19]} 11. Nxd4 {[%emt 0:00:04]} exd4 {[%emt 0:00:36]} 12. Na4 {[%emt 0:00:09]} Nxe4 {[%emt 0:00:14]} 13. Re1 {[%emt 0:00:05]} Nxd2 {[%emt 0:00:06]} 14. Qxd2 {[%emt 0:00:08]} Qf6 {[%emt 0:00:15]} 15. Rad1 {[%emt 0:00:10]} Rfe8 {[%emt 0:00:10]} 16. Nxc5 {[%emt 0:00:11]} dxc5 {[%emt 0:00:03]} 17. c3 {[%emt 0:00:16]} Rxe1+ {[%emt 0:00:14]} 18. Rxe1 {[%emt 0:00:05]} Rd8 {[%emt 0:00:04]} 19. cxd4 {[%emt 0:00:05]} Qxd4 {[%emt 0:00:19]} 20. Qc2 {[%emt 0:00:07]} c6 {[%emt 0:01:33]} 21. b3 {[%emt 0:00:07]} g6 {[%emt 0:01:26]} 22. Re2 {[%emt 0:00:31]} Qd1+ {[%emt 0:00:14]} 23. Qxd1 {[%emt 0:00:03]} Rxd1+ {[%emt 0:00:02]} 24. Kh2 {[%emt 0:00:02]} Rd7 {[%emt 0:00:02]} 25. Re8+ {[%emt 0:00:02]} Kg7 {[%emt 0:00:03]} 26. Ra8 {[%emt 0:00:03]} a6 {[%emt 0:00:18]} 27. Re8 {[%emt 0:00:09]} Kf6 {[%emt 0:00:05]} 28. Rh8 {[%emt 0:00:04]} h5 {[%emt 0:00:05]} 29. g4 {[%emt 0:00:06]} hxg4 {[%emt 0:00:07]} 30. hxg4 {[%emt 0:00:01]} Ke5 {[%emt 0:00:02]} 31. Rh3 {[%emt 0:00:16]} Ke4 {[%emt 0:00:10]} 32. Re3+ {[%emt 0:00:04]} Kf4 {[%emt 0:00:04]} 33. Kh3 {[%emt 0:00:09]} f5 {[%emt 0:00:21]} 34. gxf5 {[%emt 0:00:02]} gxf5 {[%emt 0:00:06]} 35. Kg2 {[%emt 0:00:11]} Rg7+ {[%emt 0:00:24]} 36. Kf1 {[%emt 0:00:11]} Kg5 {[%emt 0:00:20]} 37. Rg3+ {[%emt 0:00:02]} Kf6 {[%emt 0:00:02]} 38. Rd3 {[%emt 0:00:14]} Re7 {[%emt 0:00:14]} 39. Rd6+ {[%emt 0:00:05]} Ke5 {[%emt 0:00:03]} 40. Rd2 {[%emt 0:00:14]} b5 {[%emt 0:00:05]} 41. f4+ {[%emt 0:00:02]} Kxf4 {[%emt 0:00:18]} 42. Rf2+ {[%emt 0:00:02]} Ke5 {[%emt 0:00:02]} 43. Re2+ {[%emt 0:00:01]} Kd6 {[%emt 0:00:03]} 44. cxb5 {[%emt 0:00:07]} Rxe2 {[%emt 0:00:07]} 45. Kxe2 {[%emt 0:00:02]} cxb5 {[%emt 0:00:04]} 46. Ke3 {[%emt 0:00:01]} Ke5 {[%emt 0:00:02]} 47. Kf3 {[%emt 0:00:02]} c4 {[%emt 0:00:04]} 48. bxc4 {[%emt 0:00:02]} bxc4 {[%emt 0:00:02]} 49. Ke2 {[%emt 0:00:02]} Ke4 {[%emt 0:00:03]} 50. Kd2 {[%emt 0:00:01]} Kd4 {[%emt 0:00:05]} 51. Ke2 {[%emt 0:00:02]} f4 {[%emt 0:00:03]} 52. Kf3 {[%emt 0:00:01]} c3 {[%emt 0:00:01]} 53. Ke2 {[%emt 0:00:01]} f3+ {[%emt 0:00:03]} 54. Ke1 {[%emt 0:00:13]} c2 {[%emt 0:00:03]} 55. Kd2 {[%emt 0:00:02]} f2 {[%emt 0:00:02]} 56. a4 {[%emt 0:00:10]} f1=Q {[%emt 0:00:04]} 57. a5 {[%emt 0:00:02]} Qd3+ {[%emt 0:00:02]} 58. Kc1 {[%emt 0:00:03]} Qd1+ {[%emt 0:00:02]} 59. Kb2 {[%emt 0:00:01]} c1=Q+ {[%emt 0:00:02]} 60. Ka2 {[%emt 0:00:05]} Qdd2+ {[%emt 0:00:02]} 61. Kb3 {[%emt 0:00:02]} Qcc3+ {[%emt 0:00:02]} 62. Ka4 {[%emt 0:00:01]} Qa2# {[%emt 0:00:03] Mate Mate} 0-1

[Event "OEISM 0818 BLMM"]
[Site "austriablmm"]
[Date "2020.12.12"]
[Round "1"]
[White "Maryam2010"]
[Black "Chessroman"]
[Result "1-0"]
[WhiteElo "1638"]
[BlackElo "1529"]
[Annotator "NA RC"]
[PlyCount "153"]
[EventDate "2020.12.12"]
[EventType "blitz"]

1. e4 {[%emt 0:00:03]} e5 {[%emt 0:00:03]} 2. Nf3 {[%emt 0:00:02]} Nf6 {[%emt 0:00:03]} 3. Nxe5 {[%emt 0:00:02]} d6 {[%emt 0:00:04]} 4. Nf3 {[%emt 0:00:03]} Nxe4 {[%emt 0:00:05]} 5. Qe2 {[%emt 0:00:04]} Qe7 {[%emt 0:00:03]} 6. d3 {[%emt 0:00:24]} Nf6 {[%emt 0:00:09]} 7. Nc3 {[%emt 0:00:13]} Nc6 {[%emt 0:00:10]} 8. Bg5 {[%emt 0:00:05]} h6 {[%emt 0:00:39]} 9. Bxf6 {[%emt 0:00:07]} gxf6 {[%emt 0:00:11]} 10. Nd5 {[%emt 0:00:11]} Qxe2+ {[%emt 0:00:04]} 11. Bxe2 {[%emt 0:00:03]} Kd8 {[%emt 0:00:14]} 12. Nxf6 {[%emt 0:00:05]} Bg7 {[%emt 0:00:08]} 13. Nd5 {[%emt 0:00:25]} Bxb2 {[%emt 0:00:08]} 14. Rb1 {[%emt 0:00:06]} Be5 {[%emt 0:00:06]} 15. Nxe5 {[%emt 0:00:13]} Nxe5 {[%emt 0:00:05]} 16. Rb4 {[%emt 0:00:53]} Be6 {[%emt 0:00:19]} 17. Nf4 {[%emt 0:00:12] Chessroman offers a draw} b6 {[%emt 0:00:19]} 18. Nxe6+ {[%emt 0:00:07]} fxe6 {[%emt 0:00:04]} 19. f4 {[%emt 0:00:19]} Nc6 {[%emt 0:00:05]} 20. Ra4 {[%emt 0:00:26]} Kd7 {[%emt 0:00:17]} 21. Bf3 {[%emt 0:00:04]} a5 {[%emt 0:00:09]} 22. Rc4 {[%emt 0:00:04]} d5 {[%emt 0:00:02]} 23. Rc3 {[%emt 0:00:25]} Raf8 {[%emt 0:00:17]} 24. g3 {[%emt 0:00:04]} Kd6 {[%emt 0:00:11]} 25. Ke2 {[%emt 0:00:10]} Nd4+ {[%emt 0:00:05]} 26. Ke3 {[%emt 0:00:10]} Nf5+ {[%emt 0:00:03]} 27. Kf2 {[%emt 0:00:09]} c5 {[%emt 0:00:22]} 28. Rb3 {[%emt 0:00:07]} Kc7 {[%emt 0:00:10]} 29. c4 {[%emt 0:00:18]} Nd4 {[%emt 0:00:08]} 30. Rb2 {[%emt 0:00:10]} Nxf3 {[%emt 0:00:20]} 31. Kxf3 {[%emt 0:00:01]} Kc6 {[%emt 0:00:05]} 32. Re1 {[%emt 0:00:06]} Re8 {[%emt 0:00:03] Chessroman offers a draw} 33. Ree2 {[%emt 0:00:28]} h5 {[%emt 0:00:35]} 34. cxd5+ {[%emt 0:00:11]} exd5 {[%emt 0:00:03]} 35. Rec2 {[%emt 0:00:15]} Re7 {[%emt 0:00:18]} 36. d4 {[%emt 0:00:10]} c4 {[%emt 0:00:05]} 37. a4 {[%emt 0:00:20]} Re4 {[%emt 0:00:11]} 38. Rd2 {[%emt 0:00:17]} Kb7 {[%emt 0:00:13]} 39. Re2 {[%emt 0:00:25]} Rhe8 {[%emt 0:00:07]} 40. Rbc2 {[%emt 0:00:27]} Rxe2 {[%emt 0:00:25]} 41. Rxe2 {[%emt 0:00:03]} Rxe2 {[%emt 0:00:02]} 42. Kxe2 {[%emt 0:00:01]} Kc6 {[%emt 0:00:03]} 43. Kd2 {[%emt 0:00:11]} Kd6 {[%emt 0:00:06]} 44. Ke3 {[%emt 0:00:11]} Ke6 {[%emt 0:00:05]} 45. Kf3 {[%emt 0:00:08]} Kf5 {[%emt 0:00:12]} 46. h3 {[%emt 0:00:06]} c3 {[%emt 0:00:25]} 47. Ke3 {[%emt 0:00:07]} c2 {[%emt 0:00:03]} 48. Kd2 {[%emt 0:00:01]} Ke4 {[%emt 0:00:05]} 49. Kxc2 {[%emt 0:00:04]} Kxd4 {[%emt 0:00:02]} 50. Kd2 {[%emt 0:00:04]} Ke4 {[%emt 0:00:05]} 51. Ke2 {[%emt 0:00:03]} d4 {[%emt 0:00:13]} 52. Kd2 {[%emt 0:00:02] Chessroman offers a draw} d3 {[%emt 0:00:11]} 53. Kd1 {[%emt 0:00:04]} Kf5 {[%emt 0:00:13]} 54. Kd2 {[%emt 0:00:04]} Ke4 {[%emt 0:00:01]} 55. Kd1 {[%emt 0:00:09]} Kf5 {[%emt 0:00:09]} 56. Ke1 {[%emt 0:00:02]} Ke4 {[%emt 0:00:03]} 57. Kf2 {[%emt 0:00:05]} Kd4 {[%emt 0:00:14]} 58. Ke1 {[%emt 0:00:09]} Ke3 {[%emt 0:00:03]} 59. f5 {[%emt 0:00:07]} Kf3 {[%emt 0:00:10]} 60. f6 {[%emt 0:00:02]} Kxg3 {[%emt 0:00:01]} 61. f7 {[%emt 0:00:01]} Kxh3 {[%emt 0:00:01]} 62. f8=Q {[%emt 0:00:02]} Kg4 {[%emt 0:00:03]} 63. Qg8+ {[%emt 0:00:06]} Kf4 {[%emt 0:00:03]} 64. Qc4+ {[%emt 0:00:03]} Kg3 {[%emt 0:00:13]} 65. Qxd3+ {[%emt 0:00:02]} Kg4 {[%emt 0:00:01]} 66. Kf2 {[%emt 0:00:03]} h4 {[%emt 0:00:02]} 67. Qf3+ {[%emt 0:00:02]} Kg5 {[%emt 0:00:01]} 68. Ke3 {[%emt 0:00:05]} Kg6 {[%emt 0:00:07]} 69. Ke4 {[%emt 0:00:03]} Kg5 {[%emt 0:00:01]} 70. Ke5 {[%emt 0:00:07]} Kg6 {[%emt 0:00:02]} 71. Ke6 {[%emt 0:00:03]} Kg5 {[%emt 0:00:02]} 72. Qe3+ {[%emt 0:00:10]} Kg4 {[%emt 0:00:02]} 73. Ke5 {[%emt 0:00:05]} h3 {[%emt 0:00:01]} 74. Qf4+ {[%emt 0:00:03]} Kh5 {[%emt 0:00:02]} 75. Qg3 {[%emt 0:00:05]} b5 {[%emt 0:00:06]} 76. Kf5 {[%emt 0:00:05]} Kh6 {[%emt 0:00:09]} 77. Qg6# {[%emt 0:00:02] Mate Mate} 1-0

[Event "OEISM 0818 BLMM"]
[Site "austriablmm"]
[Date "2020.12.12"]
[Round "1"]
[White "Chessellis"]
[Black "Famol"]
[Result "1-0"]
[WhiteElo "1621"]
[BlackElo "1613"]
[Annotator "NA RC"]
[PlyCount "155"]
[EventDate "2020.12.12"]
[EventType "blitz"]

1. e4 {[%emt 0:00:03]} c6 {[%emt 0:00:01]} 2. d4 {[%emt 0:00:02]} d6 {[%emt 0:00:01]} 3. Nc3 {[%emt 0:00:03]} Nd7 {[%emt 0:00:01]} 4. Nf3 {[%emt 0:00:02]} Qc7 {[%emt 0:00:01]} 5. Be3 {[%emt 0:00:06]} e5 {[%emt 0:00:01]} 6. Bc4 {[%emt 0:00:11]} Ngf6 {[%emt 0:00:02]} 7. O-O {[%emt 0:00:05]} Be7 {[%emt 0:00:01]} 8. Re1 {[%emt 0:00:07]} Nf8 {[%emt 0:00:02]} 9. d5 {[%emt 0:00:18]} Ng6 {[%emt 0:00:02]} 10. Qd2 {[%emt 0:00:17]} O-O {[%emt 0:00:05]} 11. Bg5 {[%emt 0:00:07]} h6 {[%emt 0:00:04]} 12. Bh4 {[%emt 0:00:08]} Bg4 {[%emt 0:00:46]} 13. Qd3 {[%emt 0:00:14]} Nf4 {[%emt 0:00:29]} 14. Qe3 {[%emt 0:00:23]} Nh7 {[%emt 0:01:17]} 15. Bg3 {[%emt 0:00:15]} Bxf3 {[%emt 0:00:04]} 16. Qxf3 {[%emt 0:00:09]} Bg5 {[%emt 0:00:10]} 17. h4 {[%emt 0:00:26]} b5 {[%emt 0:00:26]} 18. Bb3 {[%emt 0:00:12]} a5 {[%emt 0:00:02]} 19. a3 {[%emt 0:00:14]} Bf6 {[%emt 0:00:33]} 20. Bxf4 {[%emt 0:00:10]} exf4 {[%emt 0:00:01]} 21. Qxf4 {[%emt 0:00:05]} Be5 {[%emt 0:00:09]} 22. Qe3 {[%emt 0:00:11]} Rab8 {[%emt 0:00:17]} 23. Qd3 {[%emt 0:00:21]} Nf6 {[%emt 0:00:34]} 24. dxc6 {[%emt 0:00:21]} Qxc6 {[%emt 0:00:04]} 25. Rab1 {[%emt 0:00:05]} Rfc8 {[%emt 0:00:08]} 26. Nd5 {[%emt 0:00:20]} a4 {[%emt 0:00:23]} 27. Ne7+ {[%emt 0:00:06]} Kf8 {[%emt 0:00:11]} 28. Nxc6 {[%emt 0:00:03]} Rxc6 {[%emt 0:00:01]} 29. Ba2 {[%emt 0:00:07]} Rc5 {[%emt 0:00:03]} 30. c3 {[%emt 0:00:24]} Rd8 {[%emt 0:00:08]} 31. Qf3 {[%emt 0:00:21]} Rd7 {[%emt 0:00:23]} 32. Rbd1 {[%emt 0:00:11]} Nh5 {[%emt 0:00:05]} 33. Kf1 {[%emt 0:00:37]} Nf4 {[%emt 0:00:16]} 34. g3 {[%emt 0:00:09]} Ng6 {[%emt 0:00:03]} 35. Rd3 {[%emt 0:00:18]} Bf6 {[%emt 0:00:33]} 36. Rd5 {[%emt 0:00:08]} Ne5 {[%emt 0:00:18]} 37. Qf5 {[%emt 0:00:31]} Rxd5 {[%emt 0:00:22]} 38. Bxd5 {[%emt 0:00:05]} Ke7 {[%emt 0:00:01]} 39. Rd1 {[%emt 0:00:25]} g6 {[%emt 0:00:06]} 40. Qh3 {[%emt 0:00:13]} h5 {[%emt 0:00:01]} 41. Qh1 {[%emt 0:00:31]} Ng4 {[%emt 0:00:07]} 42. Kg2 {[%emt 0:00:12]} Be5 {[%emt 0:00:12]} 43. Bc6 {[%emt 0:00:17]} Rd8 {[%emt 0:00:08]} 44. Bxb5 {[%emt 0:00:03]} Rb8 {[%emt 0:00:02]} 45. Bxa4 {[%emt 0:00:05]} Rxb2 {[%emt 0:00:02]} 46. Qe1 {[%emt 0:00:13]} Ra2 {[%emt 0:00:32]} 47. Kg1 {[%emt 0:00:22]} Rxa3 {[%emt 0:00:12]} 48. Bc2 {[%emt 0:00:04]} Rxc3 {[%emt 0:00:07]} 49. Qe2 {[%emt 0:00:05]} Ra3 {[%emt 0:00:28]} 50. f3 {[%emt 0:00:09]} Re3 {[%emt 0:00:25]} 51. Qf1 {[%emt 0:00:30]} Nf6 {[%emt 0:00:39]} 52. Rd3 {[%emt 0:00:03]} Rxd3 {[%emt 0:00:14]} 53. Qxd3 {[%emt 0:00:00]} Bxg3 {[%emt 0:00:02]} 54. Kg2 {[%emt 0:00:03]} Bxh4 {[%emt 0:00:02]} 55. Bb3 {[%emt 0:00:11]} Nd7 {[%emt 0:00:10]} 56. f4 {[%emt 0:00:08]} Nc5 {[%emt 0:00:15]} 57. Qc4 {[%emt 0:00:05]} Nxb3 {[%emt 0:00:05]} 58. Qxb3 {[%emt 0:00:00]} Bf6 {[%emt 0:00:11]} 59. Kf3 {[%emt 0:00:03]} Bd4 {[%emt 0:00:06]} 60. Qc4 {[%emt 0:00:11]} Bc5 {[%emt 0:00:04]} 61. e5 {[%emt 0:00:07]} f6 {[%emt 0:00:28]} 62. Ke4 {[%emt 0:00:07]} h4 {[%emt 0:00:07]} 63. Kd5 {[%emt 0:00:09]} h3 {[%emt 0:00:06]} 64. Qd3 {[%emt 0:00:05]} h2 {[%emt 0:00:06]} 65. Qh3 {[%emt 0:00:04]} fxe5 {[%emt 0:00:07]} 66. fxe5 {[%emt 0:00:02]} Bg1 {[%emt 0:00:01]} 67. exd6+ {[%emt 0:00:03]} Kd8 {[%emt 0:00:01]} 68. Kc6 {[%emt 0:00:02]} Ke8 {[%emt 0:00:08]} 69. d7+ {[%emt 0:00:09]} Ke7 {[%emt 0:00:05]} 70. Kc7 {[%emt 0:00:04]} g5 {[%emt 0:00:04]} 71. d8=Q+ {[%emt 0:00:07]} Kf7 {[%emt 0:00:01]} 72. Qxg5 {[%emt 0:00:04]} Ke8 {[%emt 0:00:03]} 73. Qh7 {[%emt 0:00:04]} Bc5 {[%emt 0:00:03]} 74. Qxc5 {[%emt 0:00:13]} h1=Q {[%emt 0:00:02]} 75. Qxh1 {[%emt 0:00:02]} Kf7 {[%emt 0:00:01]} 76. Qcc6 {[%emt 0:00:03]} Ke7 {[%emt 0:00:01]} 77. Qh7+ {[%emt 0:00:02]} Kf8 {[%emt 0:00:03]} 78. Qa8# {[%emt 0:00:02] Mate Mate} 1-0

[Event "OEISM 0818 BLMM"]
[Site "austriablmm"]
[Date "2020.12.12"]
[Round "1"]
[White "Valeria5492"]
[Black "Leefke Giselbrecht"]
[Result "0-1"]
[WhiteElo "1620"]
[BlackElo "1453"]
[Annotator "NA RC"]
[PlyCount "80"]
[EventDate "2020.12.12"]
[EventType "blitz"]

1. e4 {[%emt 0:00:04]} d5 {[%emt 0:00:02]} 2. exd5 {[%emt 0:00:03]} Qxd5 {[%emt 0:00:03]} 3. Nc3 {[%emt 0:00:05]} Qd8 {[%emt 0:00:04]} 4. Nf3 {[%emt 0:00:07]} Nf6 {[%emt 0:00:04]} 5. Bc4 {[%emt 0:00:06]} Bf5 {[%emt 0:00:03]} 6. d3 {[%emt 0:00:06]} e6 {[%emt 0:00:03]} 7. O-O {[%emt 0:00:06]} Bd6 {[%emt 0:00:03]} 8. Be3 {[%emt 0:00:07]} O-O {[%emt 0:00:04]} 9. Qd2 {[%emt 0:00:36]} Nbd7 {[%emt 0:00:04]} 10. Rae1 {[%emt 0:00:19]} c6 {[%emt 0:00:17]} 11. d4 {[%emt 0:00:56]} Qc7 {[%emt 0:00:31]} 12. Bg5 {[%emt 0:00:46]} h6 {[%emt 0:00:08]} 13. Bh4 {[%emt 0:00:11]} b5 {[%emt 0:00:12]} 14. Bb3 {[%emt 0:00:05]} a5 {[%emt 0:00:07]} 15. a3 {[%emt 0:00:08]} b4 {[%emt 0:00:10]} 16. axb4 {[%emt 0:00:03]} axb4 {[%emt 0:00:02]} 17. Na4 {[%emt 0:00:16]} c5 {[%emt 0:00:27]} 18. Ra1 {[%emt 0:01:44]} c4 {[%emt 0:00:09]} 19. Bxf6 {[%emt 0:00:29]} cxb3 {[%emt 0:00:10]} 20. Bh4 {[%emt 0:00:21]} Qxc2 {[%emt 0:00:13]} 21. Qxc2 {[%emt 0:00:08]} bxc2 {[%emt 0:00:02]} 22. b3 {[%emt 0:00:45]} Rfc8 {[%emt 0:00:14]} 23. Bg3 {[%emt 0:00:20]} Bxg3 {[%emt 0:00:08]} 24. hxg3 {[%emt 0:00:08]} Nf6 {[%emt 0:00:04]} 25. Rfc1 {[%emt 0:00:08]} Ne4 {[%emt 0:00:31]} 26. Ne5 {[%emt 0:00:12]} Nc3 {[%emt 0:00:13]} 27. Nc4 {[%emt 0:00:17]} Nxa4 {[%emt 0:00:08]} 28. Rxa4 {[%emt 0:00:10]} Rxa4 {[%emt 0:00:04]} 29. bxa4 {[%emt 0:00:03]} Rxc4 {[%emt 0:00:05]} 30. f3 {[%emt 0:00:14]} b3 {[%emt 0:00:03]} 31. a5 {[%emt 0:00:14]} b2 {[%emt 0:00:02]} 32. Rf1 {[%emt 0:00:04]} c1=Q {[%emt 0:00:04]} 33. a6 {[%emt 0:00:16]} Qxf1+ {[%emt 0:00:02]} 34. Kxf1 {[%emt 0:00:03]} b1=Q+ {[%emt 0:00:02]} 35. Kf2 {[%emt 0:00:04]} Qa2+ {[%emt 0:00:08]} 36. Ke3 {[%emt 0:00:06]} Qxa6 {[%emt 0:00:06]} 37. Kf4 {[%emt 0:00:03]} g5+ {[%emt 0:00:03]} 38. Ke5 {[%emt 0:00:12]} Qa5+ {[%emt 0:00:08]} 39. Kf6 {[%emt 0:00:07]} Qd8+ {[%emt 0:00:07]} 40. Ke5 {[%emt 0:00:05]} f6# {[%emt 0:00:02] Mate Mate} 0-1

[Event "OEISM 0818 BLMM"]
[Site "austriablmm"]
[Date "2020.12.12"]
[Round "1"]
[White "Chessless13"]
[Black "MGamer"]
[Result "1-0"]
[WhiteElo "1569"]
[BlackElo "1610"]
[Annotator "NA RC"]
[PlyCount "117"]
[EventDate "2020.12.12"]
[EventType "blitz"]

1. e4 {[%emt 0:00:03]} e6 {[%emt 0:00:12]} 2. d4 {[%emt 0:00:06]} d5 {[%emt 0:00:01]} 3. Nd2 {[%emt 0:00:03]} c5 {[%emt 0:00:03]} 4. exd5 {[%emt 0:00:11]} Qxd5 {[%emt 0:00:04]} 5. Ngf3 {[%emt 0:00:08]} Nc6 {[%emt 0:00:05]} 6. Bc4 {[%emt 0:00:05]} Qd8 {[%emt 0:00:06]} 7. O-O {[%emt 0:00:08]} Nf6 {[%emt 0:00:11]} 8. Nb3 {[%emt 0:00:07]} cxd4 {[%emt 0:00:09]} 9. Nbxd4 {[%emt 0:00:14]} Nxd4 {[%emt 0:00:06]} 10. Qxd4 {[%emt 0:00:31]} Qxd4 {[%emt 0:00:23]} 11. Nxd4 {[%emt 0:00:00]} Bc5 {[%emt 0:00:03]} 12. Nb3 {[%emt 0:00:40]} Bb6 {[%emt 0:00:19]} 13. Bb5+ {[%emt 0:00:10]} Bd7 {[%emt 0:00:03]} 14. Bxd7+ {[%emt 0:00:03]} Nxd7 {[%emt 0:00:01]} 15. Rd1 {[%emt 0:00:07]} Rc8 {[%emt 0:00:07]} 16. c3 {[%emt 0:00:08]} Ke7 {[%emt 0:00:11]} 17. Bf4 {[%emt 0:00:07]} e5 {[%emt 0:00:14]} 18. Bg3 {[%emt 0:00:20]} f6 {[%emt 0:00:05]} 19. Rd2 {[%emt 0:00:05]} Rhd8 {[%emt 0:01:36]} 20. Rad1 {[%emt 0:00:08]} Nf8 {[%emt 0:01:03]} 21. Kf1 {[%emt 0:00:32]} Ne6 {[%emt 0:00:04]} 22. f3 {[%emt 0:00:48]} g5 {[%emt 0:01:52]} 23. Bf2 {[%emt 0:00:44]} Bxf2 {[%emt 0:00:03]} 24. Kxf2 {[%emt 0:00:01]} b6 {[%emt 0:00:05]} 25. Nc1 {[%emt 0:01:05]} h5 {[%emt 0:00:23]} 26. Nd3 {[%emt 0:00:17]} Rd6 {[%emt 0:01:22]} 27. Nb4 {[%emt 0:01:13]} Rcd8 {[%emt 0:00:09]} 28. Rxd6 {[%emt 0:00:58]} Rxd6 {[%emt 0:00:00]} 29. Rxd6 {[%emt 0:00:06]} Kxd6 {[%emt 0:00:00]} 30. Ke3 {[%emt 0:00:03]} Nf4 {[%emt 0:00:51]} 31. g3 {[%emt 0:00:10]} Nd5+ {[%emt 0:00:02]} 32. Nxd5 {[%emt 0:00:31]} Kxd5 {[%emt 0:00:00]} 33. Kd3 {[%emt 0:00:04]} f5 {[%emt 0:00:29]} 34. c4+ {[%emt 0:00:13]} Kd6 {[%emt 0:00:03]} 35. b4 {[%emt 0:00:13]} g4 {[%emt 0:00:12]} 36. fxg4 {[%emt 0:00:39]} hxg4 {[%emt 0:00:33]} 37. a3 {[%emt 0:00:24]} a5 {[%emt 0:00:21]} 38. Ke3 {[%emt 0:00:15]} Kc6 {[%emt 0:00:12]} 39. Kf2 {[%emt 0:00:07]} Kd6 {[%emt 0:00:08]} 40. Kg2 {[%emt 0:00:02]} Ke6 {[%emt 0:00:01]} 41. h3 {[%emt 0:00:01]} e4 {[%emt 0:00:01]} 42. hxg4 {[%emt 0:00:06]} fxg4 {[%emt 0:00:00]} 43. Kf2 {[%emt 0:00:01]} Ke5 {[%emt 0:00:01]} 44. Ke3 {[%emt 0:00:01]} Kf5 {[%emt 0:00:01]} 45. Kd4 {[%emt 0:00:03]} axb4 {[%emt 0:00:03]} 46. axb4 {[%emt 0:00:01]} e3 {[%emt 0:00:04]} 47. Kxe3 {[%emt 0:00:01]} Ke5 {[%emt 0:00:01]} 48. c5 {[%emt 0:00:02]} bxc5 {[%emt 0:00:01]} 49. bxc5 {[%emt 0:00:01]} Kd5 {[%emt 0:00:00]} 50. Kf4 {[%emt 0:00:02]} Kxc5 {[%emt 0:00:00]} 51. Kxg4 {[%emt 0:00:01]} Kd6 {[%emt 0:00:00]} 52. Kf5 {[%emt 0:00:04]} Ke7 {[%emt 0:00:01]} 53. Kg6 {[%emt 0:00:01]} Kf8 {[%emt 0:00:01]} 54. Kh7 {[%emt 0:00:01]} Kf7 {[%emt 0:00:01]} 55. g4 {[%emt 0:00:01]} Kf6 {[%emt 0:00:01]} 56. Kh6 {[%emt 0:00:05]} Kf7 {[%emt 0:00:01]} 57. g5 {[%emt 0:00:13]} Kg8 {[%emt 0:00:09]} 58. Kg6 {[%emt 0:00:01]} Kf8 {[%emt 0:00:02]} 59. Kh7 {[%emt 0:00:01] MGamer resigns} 1-0

[Event "OEISM 0818 BLMM"]
[Site "austriablmm"]
[Date "2020.12.12"]
[Round "1"]
[White "Cachri"]
[Black "Peter Balint"]
[Result "0-1"]
[WhiteElo "1567"]
[BlackElo "1784"]
[Annotator "NA RC"]
[PlyCount "94"]
[EventDate "2020.12.12"]
[EventType "blitz"]

1. d4 {[%emt 0:00:05]} Nf6 {[%emt 0:00:03]} 2. Bf4 {[%emt 0:00:01]} g6 {[%emt 0:00:01]} 3. Nc3 {[%emt 0:00:11]} d5 {[%emt 0:00:03]} 4. e3 {[%emt 0:00:03]} Bg7 {[%emt 0:00:01]} 5. Nf3 {[%emt 0:00:01]} O-O {[%emt 0:00:03]} 6. Be2 {[%emt 0:00:06]} c5 {[%emt 0:00:06]} 7. O-O {[%emt 0:00:19]} cxd4 {[%emt 0:00:13]} 8. exd4 {[%emt 0:00:00]} Nh5 {[%emt 0:00:02]} 9. Be3 {[%emt 0:00:12]} Nc6 {[%emt 0:00:06]} 10. a3 {[%emt 0:01:40]} f5 {[%emt 0:00:54]} 11. Bb5 {[%emt 0:02:52]} Nf6 {[%emt 0:01:12]} 12. Na4 {[%emt 0:00:30]} Ne4 {[%emt 0:00:17]} 13. c3 {[%emt 0:00:26]} Bd7 {[%emt 0:00:47]} 14. Nd2 {[%emt 0:00:26]} a6 {[%emt 0:00:11]} 15. Be2 {[%emt 0:00:56]} b5 {[%emt 0:00:09]} 16. Nxe4 {[%emt 0:00:06]} fxe4 {[%emt 0:00:17]} 17. Nc5 {[%emt 0:00:02]} Bf5 {[%emt 0:00:13]} 18. f3 {[%emt 0:00:21]} exf3 {[%emt 0:00:17]} 19. Bxf3 {[%emt 0:00:00]} Na5 {[%emt 0:00:48]} 20. b3 {[%emt 0:00:41]} Qd6 {[%emt 0:01:07]} 21. Qd2 {[%emt 0:00:16]} Rad8 {[%emt 0:00:12]} 22. Bf4 {[%emt 0:00:00]} Qc6 {[%emt 0:00:12]} 23. Rae1 {[%emt 0:00:23]} Rfe8 {[%emt 0:00:09]} 24. g4 {[%emt 0:00:45]} Bc8 {[%emt 0:00:08]} 25. Be5 {[%emt 0:00:13]} Nb7 {[%emt 0:00:31]} 26. Nd3 {[%emt 0:00:25]} Na5 {[%emt 0:00:18]} 27. Nc5 {[%emt 0:00:02]} Bxe5 {[%emt 0:00:16]} 28. Rxe5 {[%emt 0:00:00]} e6 {[%emt 0:00:11]} 29. h3 {[%emt 0:00:05]} Nb7 {[%emt 0:00:03]} 30. Nd3 {[%emt 0:00:07]} Nd6 {[%emt 0:00:01]} 31. Rfe1 {[%emt 0:00:11]} Kg7 {[%emt 0:00:23]} 32. Nf4 {[%emt 0:00:01]} Nf7 {[%emt 0:00:06]} 33. R5e3 {[%emt 0:00:10]} Ng5 {[%emt 0:00:13]} 34. Kg2 {[%emt 0:00:03]} Nxf3 {[%emt 0:00:01]} 35. Kxf3 {[%emt 0:00:00]} Rf8 {[%emt 0:00:06]} 36. Kg3 {[%emt 0:00:04]} Qd6 {[%emt 0:00:01]} 37. Re5 {[%emt 0:00:02]} Rde8 {[%emt 0:00:05]} 38. Nd3 {[%emt 0:00:03]} Rf6 {[%emt 0:00:07]} 39. b4 {[%emt 0:00:04]} Ref8 {[%emt 0:00:01]} 40. R1e3 {[%emt 0:00:02]} Rf1 {[%emt 0:00:10]} 41. Ne1 {[%emt 0:00:05]} R8f2 {[%emt 0:00:06]} 42. Re2 {[%emt 0:00:01]} Rf7 {[%emt 0:00:11]} 43. R2e3 {[%emt 0:00:07]} Qf8 {[%emt 0:00:01]} 44. Qd3 {[%emt 0:00:04]} R7f2 {[%emt 0:00:15]} 45. Re2 {[%emt 0:00:01]} Rg1+ {[%emt 0:00:02]} 46. Kh4 {[%emt 0:00:03]} Qf6+ {[%emt 0:00:14]} 47. g5 {[%emt 0:00:02]} Qf4# {[%emt 0:00:02] Mate Mate} 0-1